[Event "49th WJun"]
[Site "Chotowa POL"]
[Date "2010.08.14"]
[Round "11"]
[White "Golichenko,I"]
[Black "Bobula,M"]
[Result "1/2-1/2"]
[WhiteElo "2419"]
[BlackElo "2387"]

1.d4 d5 2.c4 c6 3.Nf3 Nf6 4.Qc2 dxc4 5.Qxc4 Bf5 6.g3 e6 7.Bg2 Nbd7 8.O-O Be7
9.Nc3 O-O 10.Re1 Ne4 11.Qb3 Qb6 12.Qxb6 axb6 13.Nd2 Nxc3 14.bxc3 Bc2 15.Bb2 Ra7
16.Rec1 Bg6 17.c4 Nf6 18.a3 Rfa8 19.Rc3 Bb4 20.axb4 Rxa1+ 21.Bxa1 Rxa1+ 22.Nf1 h5
23.b5 cxb5 24.cxb5 Rb1 25.Bxb7 Rxb5 26.f3 Rb4 27.e3 Kh7 28.Nd2 Rb2 29.Nc4 Rb1+
30.Kf2 Nd5 31.Bxd5 exd5 32.Nd2 Rd1 33.Ke2 Rh1 34.Nf1 Bf5 35.h4 Bh3 36.Nd2 Rh2+
37.Kd3 Rg2 38.e4 Be6 39.Nf1 Rf2 40.Ne3 Rxf3 41.exd5 Bxd5 42.Ke2 Be4 43.d5 Rxg3
44.d6 Rg6 45.Rc4 Rxd6 46.Rxe4 Re6 47.Rb4 f6 48.Kf3 g5 49.Nd5 Kg6  1/2-1/2

[Event "FSGM August"]
[Site "Budapest HUN"]
[Date "2010.08.15"]
[Round "9"]
[White "Szabo,Ben"]
[Black "Varga,Zo"]
[Result "1/2-1/2"]
[WhiteElo "2243"]
[BlackElo "2473"]

1.d4 d5 2.c4 c6 3.Nf3 dxc4 4.e3 Be6 5.Qc2 Nf6 6.Bxc4 Bxc4 7.Qxc4 Qa5+ 8.Nbd2 Qa6
9.b3 e6 10.O-O Be7 11.Bb2 Qxc4  1/2-1/2

[Event "25th Open"]
[Site "Teteven BUL"]
[Date "2010.08.15"]
[Round "2"]
[White "Tashkov,R"]
[Black "Galunova,T"]
[Result "1-0"]
[WhiteElo "2239"]
[BlackElo "1984"]

1.d4 d5 2.c4 c6 3.Nf3 Nf6 4.Qc2 g6 5.Bf4 Bf5 6.Qb3 Qb6 7.e3 Na6 8.Be5 Nb4
9.Na3 Qa5 10.Nd2 Ne4 11.Rd1 f6 12.Bg3 e6 13.Be2 Rd8 14.Nxe4 Bxe4 15.O-O Kf7
16.f3 Bf5 17.Be1 Qb6 18.c5 Bc2 19.Nxc2  1-0

[Event "44th Magistral"]
[Site "Mislata ESP"]
[Date "2010.08.19"]
[Round "5"]
[White "Garcia Roman,D"]
[Black "Arizmendi Martinez,J"]
[Result "1/2-1/2"]
[WhiteElo "2464"]
[BlackElo "2528"]

1.Nf3 d5 2.d4 Nf6 3.c4 c6 4.Qc2 dxc4 5.Qxc4 Bg4 6.Nc3 Nbd7 7.e4 Bxf3 8.gxf3 e5
9.Be3 exd4 10.Bxd4 Bd6 11.O-O-O Qc7 12.Ne2 O-O 13.Qc2 Rad8 14.Kb1 Nh5 15.Be3 Rfe8
16.h4 Nf8 17.Bh3 Be5 18.Bg4 Nf4 19.h5 Nxe2 20.Qxe2 h6 21.Rxd8 Rxd8 22.Rd1 Rxd1+
23.Qxd1 c5 24.Qc1 Bd6 25.Qc4 Nh7 26.f4 Bxf4 27.Qxc5 Qxc5 28.Bxc5 Nf6 29.Bf3 b6
30.Bd4 Nd7 31.Kc2 g6 32.b4 Ne5 33.Bxe5 Bxe5 34.Kd3 Kg7 35.b5 Kf6 36.hxg6 fxg6
37.Ke3 Bd6 38.Bd1 Bc5+ 39.Kf3 Ke5 40.Kg3 Bd6 41.f4+ Kxe4 42.Bc2+ Ke3 43.Bxg6 Bxf4+
44.Kg4 Bd6 45.Be8 Ba3 46.Bd7  1/2-1/2

[Event "6th Geller Memorial Open A"]
[Site "Odessa UKR"]
[Date "2010.08.21"]
[Round "1"]
[White "Aliferenko,A"]
[Black "Rudenkov,S"]
[Result "1/2-1/2"]
[WhiteElo "2182"]
[BlackElo "1852"]

1.d4 d5 2.Nf3 Nf6 3.c4 c6 4.g3 e6 5.Qc2 Be7 6.Bg2 O-O 7.O-O Nbd7 8.Nbd2 b6
9.b3 Bb7 10.Bb2 Rc8 11.Rac1 c5 12.Qb1 dxc4 13.Nxc4 cxd4 14.Bxd4 Bc5 15.Rfd1 Qe7
16.Qb2 Rfd8 17.Bxc5 Nxc5 18.Qa3 Ba8 19.Nce5 h6 20.Ne1 Bxg2 21.Nxg2 Rxd1+
22.Rxd1 Qc7 23.Nf3 Nce4 24.Ne3 Nd5 25.Nxd5 exd5 26.Nd4 Qe5 27.Qb2 h5 28.e3 h4
29.Rc1 Rc5 30.Re1 Ng5 31.Qe2 Ne6 32.Nxe6 fxe6 33.Qg4 hxg3 34.hxg3 Rc2 35.Re2 Rxe2
36.Qxe2 Qe4 37.Qa6 Qb1+ 38.Kh2 Qh7+ 39.Kg1 Qb1+ 40.Kg2 Qe4+ 41.Kf1 Qb1+  1/2-1/2

[Event "6th Geller Memorial Open A"]
[Site "Odessa UKR"]
[Date "2010.08.21"]
[Round "1"]
[White "Garifulin,A"]
[Black "Shchuka,Fedor"]
[Result "1-0"]
[WhiteElo "2277"]
[BlackElo "1944"]

1.d4 d5 2.Nf3 Nf6 3.c4 c6 4.g3 Bf5 5.Bg2 e6 6.O-O Nbd7 7.Nbd2 Be7 8.b3 O-O
9.Bb2 Ne4 10.Rc1 Ndf6 11.Ne5 Qa5 12.Nxe4 Nxe4 13.f3 Nf6 14.a3 Rfd8 15.c5 Qc7
16.g4 Bg6 17.h4 h6 18.Nxg6 fxg6 19.Qd3 Qg3 20.Bc3 Qxh4 21.Be1 Qg5 22.Bd2 Qh4
23.Qxg6 Rf8 24.Rc3 Rae8 25.Re3 Kh8 26.Rxe6 Nh7 27.Be1 Qg5 28.Qxg5 Bxg5 29.Rxe8 Rxe8
30.e4 dxe4 31.fxe4 Nf6 32.e5 Nxg4 33.Bh3 Ne3 34.Rf7 Re7 35.Rf8+ Kh7 36.Bd2 g6
37.Ra8 Nc2 38.Bxg5 hxg5 39.d5 cxd5 40.Rxa7 Nd4 41.Bc8 Nxb3 42.c6 Nc5 43.cxb7  1-0

[Event "46th Akiba Rubinstein Open A"]
[Site "Polanica Zdroj POL"]
[Date "2010.08.22"]
[Round "4"]
[White "Litwin,J"]
[Black "Musialkiewicz,P"]
[Result "0-1"]
[WhiteElo "2189"]
[BlackElo "1920"]

1.d4 d5 2.c4 c6 3.Nf3 Nf6 4.Qc2 dxc4 5.Qxc4 e6 6.Nc3 b5 7.Qb3 Bb7 8.e4 a6
9.Bg5 h6 10.Bxf6 Qxf6 11.Bd3 Nd7 12.e5 Qd8 13.Rd1 Qb6 14.Bb1 c5 15.d5 c4
16.Qc2 Bb4 17.O-O Bxc3 18.dxe6 Qxe6 19.Qxc3 O-O-O 20.Rd6 Qg4 21.Rd4 Qe6 22.Be4 Bxe4
23.Rxe4 Nc5 24.Re3 Rd3 25.Rxd3 Nxd3 26.b3 Rd8 27.h3 Nf4 28.Qe3 Nd5 29.Qc5+ Nc7
30.Rc1 Qd5 31.Qb6 Qb7 32.Qa5 cxb3 33.axb3 Kb8 34.Ra1 Ka7 35.Rc1 Kb8 36.Nd2 Ne6
37.Nf1 Rd7 38.Ra1 Ka7 39.Qc3 Rc7 40.Qe3+ Qb6 41.Qg3 Qd4 42.Re1 Rc3 43.Re3 Rxe3
44.Nxe3 Qf4 45.Qxf4 Nxf4 46.Kf1 a5 47.g3 Nd3 48.f4 Nc5 49.b4 axb4 50.Ke2 Kb6
51.Kd1 b3 52.Kc1 Nd3+ 53.Kb1 g5 54.Nf5 gxf4 55.gxf4 h5 56.Nh6 Nxf4 57.Nxf7 Nxh3
58.e6 Kc7 59.Kb2 Nf4 60.e7 Kd7 61.e8=Q+ Kxe8 62.Nd6+ Ke7 63.Nxb5 h4 64.Nd4 h3
65.Nf3 Kf6 66.Kxb3 Kf5 67.Nh2 Ke4 68.Kc3 Ke3 69.Kc2 Nd5 70.Kd1 Kf2 71.Kd2 Kg2  0-1

[Event "6th Prospero A Pichay Cup"]
[Site "Manila PHI"]
[Date "2010.08.23"]
[Round "4"]
[White "Nadera,B"]
[Black "Polao,Ben"]
[Result "1-0"]
[WhiteElo "2419"]
[BlackElo "2063"]

1.d4 d5 2.Nf3 Nf6 3.c4 c6 4.Qc2 Bg4 5.Ne5 e6 6.Qb3 Qb6 7.c5 Qxb3 8.axb3 Bf5
9.b4 Nbd7 10.Nxd7 Nxd7 11.Nc3 Be7 12.f3 e5 13.e4 dxe4 14.fxe4 exd4 15.Nb5 cxb5
16.exf5 O-O 17.Bxb5 Nf6 18.O-O Nd5 19.Bd2 a6 20.Bd3 Ne3 21.Rfc1 Rfe8 22.Kf2 Rac8
23.Kf3 h5 24.h3 h4 25.Be4 Rc7 26.c6 b5 27.Rxa6 Nc4 28.Rxc4 bxc4 29.Bf4 Rcc8
30.b5 c3 31.bxc3 dxc3 32.b6 c2 33.b7 Bd6  1-0

[Event "6th Prospero A Pichay Cup"]
[Site "Manila PHI"]
[Date "2010.08.24"]
[Round "6"]
[White "Nadera,B"]
[Black "Elorta,D"]
[Result "0-1"]
[WhiteElo "2419"]
[BlackElo "2363"]

1.d4 d5 2.Nf3 Nf6 3.c4 c6 4.Qc2 a6 5.e3 dxc4 6.Bxc4 b5 7.Be2 Bb7 8.O-O e6
9.Nbd2 Nbd7 10.a4 Rc8 11.Rd1 Bb4 12.Ne4 Qe7 13.Bd2 Nxe4 14.Qxe4 O-O 15.Bc3 Bxc3
16.bxc3 Nb6 17.a5 c5 18.Qd3 Na4 19.Rdc1 Bxf3 20.Bxf3 cxd4 21.cxd4 Qb4 22.g3 Qxa5
23.d5 Rcd8 24.Rc6 exd5 25.Bxd5 Qb4 26.e4 Kh8 27.Rb1 Qa5 28.Qd4 Rb8 29.Rbc1 b4
30.Ra1 Qb5 31.Rc7 Nc3 32.Bc4 Ne2+ 33.Bxe2 Qxe2 34.Rc4 b3 35.Rb4 Qc2 36.Rxa6 b2
37.Rab6 Rxb6 38.Qxb6 Rc8 39.Qb7 h5 40.Rxb2 Qd1+ 41.Kg2 Rc1 42.Qb5 g6 43.Qe2 Qh1+
44.Kh3 Kg7 45.Rb8 Rc3 46.f4 Qg1 47.Rd8 Kh7 48.Rd1 Qc5 49.Rd2 Re3 50.Qd1 Rxe4
51.Rd5 Qe7 52.Qd3 Re3 53.Qd4 h4 54.Rd8 Qe6+ 55.Kxh4 g5+ 56.Kxg5 Qg6+ 57.Kh4 Qh6+
58.Kg4 f5+ 59.Kxf5 Qg6+  0-1

[Event "Open"]
[Site "Bratto ITA"]
[Date "2010.08.27"]
[Round "8"]
[White "Kogan,Ar"]
[Black "Dziuba,M"]
[Result "1/2-1/2"]
[WhiteElo "2541"]
[BlackElo "2582"]

1.d4 d5 2.c4 c6 3.Nf3 Nf6 4.Qc2 dxc4 5.Qxc4 Bf5 6.g3 e6 7.Bg2 Nbd7 8.O-O Be7
9.Nc3 O-O 10.Re1 Ne4 11.Bf4 Nxc3 12.bxc3 Be4 13.Qb3 c5  1/2-1/2

[Event "46th Akiba Rubinstein Open A"]
[Site "Polanica Zdroj POL"]
[Date "2010.08.27"]
[Round "9"]
[White "Szusterowski,R"]
[Black "Musialkiewicz,P"]
[Result "1-0"]
[WhiteElo "2042"]
[BlackElo "1920"]

1.d4 d5 2.c4 c6 3.Nf3 Nf6 4.g3 dxc4 5.Bg2 b5 6.O-O Bb7 7.Ne5 e6 8.Nc3 a6
9.e4 Nbd7 10.Bf4 Be7 11.Qe2 O-O 12.Rfd1 Re8 13.a4 Bf8 14.Qc2 Nxe5 15.Bxe5 Nd7
16.Bf4 Qb6 17.e5 Be7 18.a5 Qc7 19.h4 Red8 20.Be4 Nf8 21.h5 Rd7 22.Qe2 Rad8
23.Be3 c5 24.dxc5 Bxe4 25.Nxe4 Rxd1+ 26.Rxd1 Rxd1+ 27.Qxd1 Nd7 28.Qd4 Nxe5
29.Kh2 Nc6 30.Qd2 Nxa5 31.h6 Qc6 32.f3 Nb3 33.Qc3 Bf8 34.Qe5 f6 35.Qb8 Qd7
36.hxg7 Kxg7 37.Bh6+ Kxh6 38.Qxf8+ Qg7 39.Qxg7+ Kxg7 40.c6 f5 41.Nf2  1-0

[Event "6th Geller Memorial Open A"]
[Site "Odessa UKR"]
[Date "2010.08.28"]
[Round "8"]
[White "Kigel,D"]
[Black "Bolotov,A"]
[Result "1-0"]
[WhiteElo "2131"]
[BlackElo "2316"]

1.d4 d5 2.c4 c6 3.Nf3 Nf6 4.Qc2 a6 5.Bf4 dxc4 6.Qxc4 Bf5 7.Qb3 b5 8.Nbd2 Nbd7
9.Rc1 Qb6 10.Ne5 Nxe5 11.dxe5 Ne4 12.Nxe4 Bxe4 13.f3 Bd5 14.Qc2 e6 15.Bd2 c5
16.e4 Bb7 17.Be3 Qa5+ 18.Kf2 Qxa2 19.Be2 Qa5 20.Bxc5 Bxc5+ 21.Qxc5 Qd8 22.Rhd1 Qh4+
23.Kg1 Rc8 24.Bxb5+ axb5 25.Qxb5+ Bc6 26.Rxc6 O-O 27.Rxc8 Rxc8 28.Qd7 Rf8
29.b4 Qf4 30.Qd4 g5 31.b5 g4 32.fxg4 Qxg4 33.b6 f6 34.exf6 Rxf6 35.b7 Rf8
36.Qd6 Kg7 37.Qxf8+  1-0

[Event "25th Open"]
[Site "Schwarzach AUT"]
[Date "2010.08.28"]
[Round "8"]
[White "Reefschlaeger,H"]
[Black "Biedekoepper,R"]
[Result "1/2-1/2"]
[WhiteElo "2302"]
[BlackElo "2112"]

1.d4 Nf6 2.g3 d5 3.c4 c6 4.Nf3 Bf5 5.Nc3 e6 6.Bg2 h6 7.O-O Bd6 8.Nd2 Nbd7
9.e4 dxe4 10.Ndxe4 Nxe4 11.Nxe4 Bxe4 12.Bxe4 Nf6 13.Bg2 O-O 14.Re1 Qa5 15.Bd2 Bb4
16.Re2 Bxd2 17.Qxd2 Qxd2 18.Rxd2 Rfd8 19.Rad1 Rd7 20.Kf1 Rad8 21.Ke2 Kf8
22.h3 Ke7 23.Ke3 g5 24.b3 a5 25.a3 Ke8 26.Rd3 Ke7 27.R1d2 Ke8 28.b4 axb4
29.axb4 Ra8 30.Rb2 Ra4 31.Rc3 Rc7 32.Kd3 Kd8 33.b5 cxb5 34.Rxb5 Kc8 35.Rb2 Ne8
36.c5 Nf6 37.Rcb3 Ra7 38.Bf3 Nd7 39.Bh5 Nf6 40.Bf3 Nd7 41.Re2 Ra4 42.Reb2 Ra7  1/2-1/2

[Event "ch-RUS Higher League"]
[Site "Irkutsk RUS"]
[Date "2010.08.29"]
[Round "4"]
[White "Kryakvin,D"]
[Black "Inarkiev,E"]
[Result "1/2-1/2"]
[WhiteElo "2603"]
[BlackElo "2671"]

1.d4 d5 2.c4 c6 3.Nf3 Nf6 4.Qb3 dxc4 5.Qxc4 Bf5 6.g3 e6 7.Bg2 Be7 8.O-O Nbd7
9.Nc3 O-O 10.Re1 Ne4 11.Bf4 Qa5 12.Nh4 Bxh4 13.Nxe4 Bxe4 14.Bxe4 Bg5 15.b4 Qd8
16.Bxg5 Qxg5 17.Rab1 a6 18.a4 Rac8 19.Rec1 Nb6 20.Qc2 g6 21.e3 Qe7 22.Qb3 e5
23.dxe5 Qxe5 24.Bg2 Rfd8 25.b5 axb5 26.axb5 cxb5 27.Rxc8 Rxc8 28.Qxb5 Rc1+
29.Bf1 Qxb5 30.Rxb5 Nc4 31.Kg2 Nd6 32.Rd5 Ne4 33.Rd4 Nc5 34.Bc4 Kg7 35.g4 g5
36.Be2 h6 37.Rb4 Rc2 38.Kf3 Rd2 39.Rb5 Nd7 40.Bc4 b6 41.Kg3 Rd6 42.Rb2 Nc5
43.f3 Rc6 44.Bd5 Rd6 45.Bc4 Na4 46.Rb4 Nc3 47.Rb3 Rc6 48.Bd3 Kf6 49.h4 Ke5
50.hxg5 hxg5 51.Bb5 Rc7 52.Bd3 Na4 53.Rb4 Nc5 54.Bf5 Rb7 55.f4+ gxf4+ 56.exf4+ Kd5
57.g5 b5 58.Bh3 Nd3 59.Bg2+ Kc5 60.Rb3 Rd7 61.Bf1 Nb4 62.f5 Rd1 63.Rf3 Nc6
64.g6 fxg6 65.fxg6 Rd6 66.Rf5+ Kd4 67.Rg5 Ne7 68.g7 b4 69.g8=Q Nxg8 70.Rxg8 b3
71.Rb8 Kc3 72.Bh3 Rd3+ 73.Kg2 Rxh3 74.Rxb3+ Kxb3 75.Kxh3  1/2-1/2

[Event "ch-RUS Higher League"]
[Site "Irkutsk RUS"]
[Date "2010.08.30"]
[Round "5"]
[White "Khairullin,I"]
[Black "Grachev,B"]
[Result "1/2-1/2"]
[WhiteElo "2620"]
[BlackElo "2668"]

1.d4 d5 2.c4 c6 3.Nf3 Nf6 4.Qb3 dxc4 5.Qxc4 Bf5 6.g3 e6 7.Bg2 Nbd7 8.Nc3 Be7
9.O-O O-O 10.Re1 Bg6 11.e4 b5 12.Qxc6 b4 13.e5 Rc8 14.Qa6 bxc3 15.exf6 Nxf6
16.bxc3 Rxc3 17.Ne5 Qb6 18.Qxb6 axb6 19.d5 Bc5 20.dxe6 fxe6 21.Nxg6 hxg6
22.Be3 Bxe3 23.Rxe3 Rxe3 24.fxe3  1/2-1/2

[Event "9th Georgiev-Kesarovski Mem"]
[Site "Sunny Beach BUL"]
[Date "2010.08.30"]
[Round "3"]
[White "Pantev,T"]
[Black "Rusev,J"]
[Result "1/2-1/2"]
[WhiteElo "1747"]
[BlackElo "2276"]

1.d4 d5 2.Nf3 Nf6 3.c4 c6 4.Qb3 Qb6 5.Nc3 Bg4 6.c5 Qxb3 7.axb3 Bxf3 8.gxf3 Na6
9.Bf4 Nh5 10.Bg3 Nxg3 11.hxg3 Nc7 12.b4 a6 13.e3 g6 14.f4 Bg7 15.Kd2 f6 16.Bd3 e5
17.dxe5 fxe5 18.Rh2 e4 19.Be2 Kf7 20.Rah1 h6 21.g4 Ne6 22.Ra1 a5 23.Rxa5 Rxa5
24.bxa5 Nxc5 25.b4 Na6 26.Na2 Rd8 27.Rh1 d4 28.Bc4+ Ke7 29.b5 cxb5 30.Bxb5 d3
31.Rc1 Kd6 32.Bxa6 bxa6 33.Nb4 Rb8 34.Rc6+ Kd7 35.Rxg6 Bf8 36.Nxd3 exd3 37.Kxd3 Ra8
38.e4 Bb4 39.Kc4 Bxa5 40.e5 Bd8 41.f5 a5 42.Rg7+ Ke8 43.Kb3 a4+ 44.Ka2 Ra5
45.f4 Rd5 46.f6 Kf8 47.e6 Rd2+ 48.Ka3 Rd3+ 49.Ka2 Rd2+ 50.Ka3 Rd3+ 51.Kxa4 Rd4+
52.Kb5 Bxf6 53.Rf7+ Ke8 54.Rxf6 Ke7 55.Rxh6 Rxf4 56.Rg6 Rf6 57.Rg5 Rxe6 58.Kc5 Kf6
59.Rf5+ Kg6  1/2-1/2

[Event "ch-RUS Higher League w"]
[Site "St Petersburg RUS"]
[Date "2010.09.01"]
[Round "7"]
[White "Shaydullina,S"]
[Black "Markelova,L"]
[Result "1-0"]
[WhiteElo "2210"]
[BlackElo "2075"]

1.d4 d5 2.Nf3 Nf6 3.c4 c6 4.Qb3 Qb6 5.Qc2 g6 6.c5 Qc7 7.g3 Bf5 8.Qb3 Bg7
9.Bf4 Qa5+ 10.Nc3 b5 11.Bd2 Qc7 12.a4 b4 13.Qxb4 Na6 14.Qa3 Qb7 15.Nd1 Ne4
16.Ba5 O-O 17.Bg2 e5 18.e3 exd4 19.exd4 Naxc5 20.dxc5 Qa6 21.Bc7 Rfe8 22.Ne3 d4
23.Bf1 Qb7 24.Nxf5 Nxg3+ 25.Kd1 Nxh1 26.Bg3 gxf5 27.Bh4 d3 28.Rb1 Qd7 29.Qxd3 Qe6
30.Kc2 Nxf2 31.Bxf2 Rad8 32.Qc4 Qe4+ 33.Qxe4 fxe4 34.Ng1 e3 35.Be1 f5 36.Bc4+ Kh8
37.Nf3 h6 38.Ba5 Rd7 39.Rg1 Re4 40.b3 Rg4 41.Be6 Rxg1 42.Bxd7 Rg2+ 43.Kd3 Rb2
44.Be6 f4 45.Ke4 Rc2 46.Bc4 e2 47.Kxf4 Bc3 48.Bxc3+ Rxc3 49.Bxe2 Rxb3 50.a5 Rc3
51.Ne5 Rxc5 52.a6 Rc2 53.Ke3 Kg7 54.h4 Rc5 55.Kd4 Rc2 56.Bd3 Rh2 57.Nf3 Rf2
58.h5 Kf6 59.Ne5 Kg5 60.Nxc6 Kxh5 61.Nxa7 Ra2 62.Nc6 Kg5 63.Bc4 Ra4 64.Kd3 h5
65.a7 h4 66.Be6 Kf4 67.Bc8 Kg3 68.Bb7 Ra3+ 69.Kd4 Ra4+ 70.Ke5 h3 71.a8=Q Rxa8
72.Bxa8 h2 73.Nd4 Kf2 74.Nf5 h1=Q 75.Bxh1 Ke2 76.Be4 Kd2 77.Kd4 Kc1 78.Kc3 Kd1
79.Ne3+ Kc1 80.Bf3 Kb1 81.Nc2 Kc1 82.Nb4 Kb1 83.Bd5 Ka1 84.Nc2+ Kb1 85.Bb3 Kc1
86.Ba2 Kd1 87.Nd4 Ke1 88.Kd3 Kd1 89.Ne2 Ke1 90.Bb3 Kf2 91.Bd5 Ke1 92.Ke3 Kd1
93.Bb3+ Ke1 94.Nf4 Kf1 95.Bc2 Ke1 96.Ng2+ Kf1 97.Kf3 Kg1 98.Kg3 Kh1 99.Nf4 Kg1
100.Bd3 Kh1 101.Bf1 Kg1 102.Bh3  1-0

[Event "7th Malaysia Open"]
[Site "Kuala Lumpur MAS"]
[Date "2010.09.02"]
[Round "3"]
[White "Wen Yang"]
[Black "Zeng,C"]
[Result "1-0"]
[WhiteElo "2520"]
[BlackElo "2410"]

1.d4 d5 2.c4 c6 3.Nf3 Nf6 4.Qc2 g6 5.Bf4 Bg7 6.e3 O-O 7.Nc3 e6 8.Be2 b6 9.O-O Bb7
10.Rfd1 Nbd7 11.Ne5 Qe7 12.Rac1 Rfc8 13.Qa4 a5 14.cxd5 exd5 15.Bf3 Nf8 16.Qb3 b5
17.Nd3 Ne6 18.Be5 Bf8 19.Bxf6 Qxf6 20.Bg4 Bd6 21.Bxe6 Qxe6 22.Ne2 Qe7 23.Nc5 Re8
24.a4 b4 25.Nxb7 Qxb7 26.Rc2 Kg7 27.Nc1 f5 28.Qd3 Re4 29.Nb3 f4 30.Nd2 Re6
31.e4 b3 32.Rcc1 dxe4 33.Nxe4 Bb4 34.d5 cxd5 35.Qd4+ Kh6 36.Nf6 g5 37.h4 Rd8
38.hxg5+ Kxg5 39.Nxd5 Qf7 40.g3 fxg3 41.fxg3 Red6 42.Qh4+ Kg6 43.Nf4+ Kg7
44.Qg5+ Kh8 45.Rxd6 Qa7+ 46.Kh2  1-0

[Event "7th LGA Premium Cup"]
[Site "Nuremberg GER"]
[Date "2010.09.03"]
[Round "2"]
[White "Adler,Her"]
[Black "Belich,Maxim"]
[Result "1-0"]
[WhiteElo "2006"]
[BlackElo "1591"]

1.d4 d5 2.c4 c6 3.Nf3 Nf6 4.Qc2 e6 5.g3 Nbd7 6.Bg2 dxc4 7.Qxc4 Nb6 8.Qc2 Be7
9.O-O O-O 10.e4 Nh5 11.Nc3 Qc7 12.e5 g6 13.Bh6 Ng7 14.Rac1 Nd5 15.Qe4 b6
16.Nxd5 exd5 17.Qxd5 Bb7 18.Qc4 Rad8 19.d5 Bc5 20.d6 Qc8 21.Rfd1 Rfe8 22.Bxg7 Kxg7
23.b4 Ba6 24.Qc3 Bxb4 25.Qxb4 c5 26.Qh4 Be2 27.Qf6+ Kg8 28.Ng5 Rf8 29.Bh3 Bg4
30.Bxg4 Qxg4 31.e6  1-0

[Event "9th Georgiev-Kesarovski Mem"]
[Site "Sunny Beach BUL"]
[Date "2010.09.03"]
[Round "7"]
[White "Nikolov,Sas"]
[Black "Vasilev,M"]
[Result "0-1"]
[WhiteElo "2409"]
[BlackElo "2473"]

1.d4 d5 2.c4 c6 3.Nf3 dxc4 4.e3 Be6 5.a4 Nf6 6.Nc3 g6 7.Ng5 Bd5 8.e4 h6 9.exd5 hxg5
10.dxc6 Nxc6 11.Bxc4 Qxd4 12.Qb3 O-O-O 13.Bxf7 Ng4 14.Be3 Nxe3 15.Qe6+ Kb8
16.Qxe3 Ne5 17.Qxd4 Rxd4 18.Bd5 Nd3+ 19.Kf1 Bg7 20.Rb1 Rf8 21.f3 Nf4 22.Be4 Rd2
23.g3 Ne6 24.Ne2 Nc5 25.Bxg6 Rxf3+ 26.Ke1 Nb3 27.Bh5 Re3 28.Rf1 Bd4 29.Rf5 Bf6
30.Rd1 Rxb2 31.Rb5 a6 32.Rbd5 Ra2 33.Kf2 Re4 34.Bf3 Rexa4 35.Rb1 Nd2 36.Rxd2 Rxd2
37.Rxb7+ Kc8 38.Ke3 Rb2 39.Ra7 Ra3+ 40.Ke4 Rb4+  0-1

[Event "17th Open A"]
[Site "Graz AUT"]
[Date "2010.09.05"]
[Round "9"]
[White "Basagic,Z"]
[Black "Buzeti,J"]
[Result "1/2-1/2"]
[WhiteElo "2327"]
[BlackElo "2251"]

1.d4 d5 2.Nf3 Nf6 3.c4 c6 4.Nbd2 Bf5 5.g3 h6 6.Bg2 e6 7.O-O Be7 8.Ne5 Nbd7
9.b3 O-O 10.Bb2 Re8 11.h3 Nf8 12.c5 N6d7 13.f4 Nxe5 14.fxe5 b6 15.e4 Bg6
16.b4 a5 17.a3 axb4 18.axb4 bxc5 19.bxc5 Rxa1 20.Qxa1  1/2-1/2

[Event "FSIMA September"]
[Site "Budapest HUN"]
[Date "2010.09.06"]
[Round "3"]
[White "Sagar,S"]
[Black "Papp,P"]
[Result "1/2-1/2"]
[WhiteElo "2304"]
[BlackElo "2246"]

1.d4 d5 2.c4 c6 3.Nf3 Nf6 4.Qb3 dxc4 5.Qxc4 Bg4 6.Nc3 Nbd7 7.e4 e6 8.Be3 Be7
9.Be2 O-O 10.h3 Bh5 11.O-O-O Bg6 12.Qd3 Nd5  1/2-1/2

[Event "6th ch-EU"]
[Site "Arvier ITA"]
[Date "2010.09.07"]
[Round "4"]
[White "Brunello,S"]
[Black "Agrest,E"]
[Result "1/2-1/2"]
[WhiteElo "2497"]
[BlackElo "2585"]

1.d4 d5 2.c4 c6 3.Nf3 Nf6 4.g3 Bf5 5.Nc3 e6 6.Nh4 Be4 7.f3 Bg6 8.Qb3 Qd7
9.c5 Be7 10.Bg2 Na6 11.O-O O-O 12.Na4 Ne8 13.Nxg6 hxg6 14.Qc3 Nec7 15.f4 Rab8
16.Qd2 b6 17.b4 bxc5 18.Nxc5 Qc8 19.a3 Nb5 20.Nb3 Nd6 21.Qd3  1/2-1/2

[Event "TCh-ROU Superliga"]
[Site "Baile Herculane ROU"]
[Date "2010.09.08"]
[Round "5"]
[White "Ionescu,Co"]
[Black "Svetushkin,D"]
[Result "1-0"]
[WhiteElo "2423"]
[BlackElo "2552"]

1.d4 d5 2.Nf3 Nf6 3.c4 c6 4.Qc2 dxc4 5.Qxc4 Bg4 6.Nbd2 Nbd7 7.g3 e6 8.Bg2 Be7
9.O-O O-O 10.b3 Qa5 11.h3 Bh5 12.Bb2 Rac8 13.Qd3 Bg6 14.e4 h6 15.Qe3 c5 16.Nc4 Qa6
17.Nfe5 Bh7 18.Nxd7 Nxd7 19.d5 b5 20.Qc3 e5 21.Qa5 Qxa5 22.Nxa5 Bd6 23.Nc6 a6
24.a4 f5 25.axb5 axb5 26.Ra7 Nf6 27.exf5 Bxf5 28.Bxe5 Bxe5 29.Nxe5 Be4 30.d6 Rce8
31.f4 Re6 32.Rd1 c4 33.bxc4 bxc4 34.d7 Rd8 35.Rc7  1-0

[Event "12th Open"]
[Site "Trieste ITA"]
[Date "2010.09.10"]
[Round "8"]
[White "Roiz,M"]
[Black "Gleizerov,E"]
[Result "1-0"]
[WhiteElo "2637"]
[BlackElo "2564"]

1.Nf3 d5 2.d4 c6 3.c4 dxc4 4.a4 Bg4 5.Ne5 Bh5 6.Nc3 Nd7 7.Nxc4 Nb6 8.Ne5 Nd7
9.Nd3 Ngf6 10.g3 e6 11.Nf4 Bg6 12.Bg2 Bb4 13.O-O a5 14.e4 O-O 15.Nxg6 hxg6
16.f4 Nb6 17.Na2 Be7 18.Be3 c5 19.Rc1 Rc8 20.b3 cxd4 21.Bxd4 Rxc1 22.Nxc1 Qc7
23.Ne2 Bc5 24.Qc1 Rc8 25.Qxc5 Qxc5 26.Bxc5 Rxc5 27.Rc1 Nfd7 28.e5 Nd5 29.Kf2 Kf8
30.Bxd5 Rxd5 31.Rc7 b6 32.Ke3 g5 33.h4 gxh4 34.gxh4 Ke7 35.Nd4 f6 36.exf6+ gxf6
37.Rc6 Rd6 38.Rxd6 Kxd6 39.f5 exf5 40.Kf4 Ke7 41.Kxf5 Kf7 42.Ke4 Nc5+ 43.Kd5 f5
44.Kc6 f4 45.Kxb6 f3 46.Nxf3 Nxb3 47.Ne5+ Kf6 48.Nd7+ Kg6 49.Nc5  1-0

[Event "6th ch-EU"]
[Site "Arvier ITA"]
[Date "2010.09.11"]
[Round "8"]
[White "Brunello,S"]
[Black "Vernay,C"]
[Result "1/2-1/2"]
[WhiteElo "2497"]
[BlackElo "2460"]

1.d4 d5 2.c4 c6 3.Nf3 Nf6 4.g3 Bf5 5.Nc3 e6 6.Nh4 dxc4 7.Nxf5 exf5 8.e3 Nbd7
9.Bxc4 Nb6 10.Bb3 Be7 11.Qf3 Qd7 12.Bd2 O-O 13.Rd1 a5 14.a3 a4 15.Bc2 g6
16.Bc1 Nfd5 17.Ne2 Rfc8 18.h3 Nf6 19.Nc3 Nfd5 20.Ne2 Nf6  1/2-1/2

[Event "5th XtraCon Open"]
[Site "Borup DEN"]
[Date "2010.09.11"]
[Round "8"]
[White "Schandorff,L"]
[Black "Hillarp Persson,T"]
[Result "0-1"]
[WhiteElo "2492"]
[BlackElo "2517"]

1.Nf3 d5 2.d4 Nf6 3.c4 c6 4.Qc2 g6 5.Bf4 Bg7 6.e3 O-O 7.Nc3 c5 8.dxc5 Qa5
9.Rd1 dxc4 10.Bxc4 Qxc5 11.Qb3 Nc6 12.Ng5 e6 13.Qb5 Qxb5 14.Bxb5 h6 15.Nf3 Bd7
16.O-O Rfd8 17.h3 Be8 18.e4 a6 19.Be2 b5 20.a3 Nd7 21.Be3 Rdc8 22.Rfe1 Nce5
23.Nxe5 Nxe5 24.Bd4 g5 25.g3 Rab8 26.f4 Nc4 27.Bxc4 Rxc4 28.Bxg7 Kxg7 29.Rd2 gxf4
30.gxf4 Bc6 31.Re3 b4 32.axb4 Rcxb4 33.Ree2 a5 34.Kf2 a4 35.Rc2 Rc4 36.Re3 Rbb4
37.Rce2 Rb3 38.Rc2 Kf6 39.Kg3 Rcb4 40.e5+ Kg6 41.Nd1 Bd5 42.Re2 Re4 43.Nc3 Rxe3+
44.Rxe3 Rxb2 45.Nxa4 Rg2+ 46.Kh4 Kf5 47.Rg3 Kxf4 48.Ra3 Kxe5 49.Nc5 Kd4 50.Nd7 Ra2
51.Rg3 f5 52.Rg6 Ra7 53.Nf6 Ke5 54.Rxh6 Rg7 55.Nh5 Rf7 56.Kg5 f4 57.Nf6 f3
58.Ng4+ Kd4 59.Rf6 Rxf6 60.Kxf6 e5 61.h4 e4 62.h5 e3 63.h6 Be4  0-1

[Event "TCh-CHN"]
[Site "Guangzhou CHN"]
[Date "2010.09.11"]
[Round "11"]
[White "Wen Yang"]
[Black "Yu Lie"]
[Result "1-0"]
[WhiteElo "2520"]
[BlackElo "2449"]

1.d4 d5 2.c4 c6 3.Nf3 Nf6 4.Qc2 e6 5.g3 Nbd7 6.Bg2 Be7 7.O-O b6 8.Bf4 Bb7
9.Rd1 O-O 10.Nc3 Nh5 11.Bc1 f5 12.Ne5 Nhf6 13.Bf4 Nxe5 14.Bxe5 Rc8 15.Rac1 Ng4
16.e3 Nxe5 17.dxe5 Qe8 18.Ne2 Ba6 19.Nd4 Bc5 20.cxd5 cxd5 21.Nxe6 Bxe3 22.fxe3 Rxc2
23.Rxc2 Bb7 24.Nxf8 Qxe5 25.Nd7 Qd6 26.Rdc1 Qxd7 27.Rc7 Qe6 28.Kf2 Qe5 29.R1c2 Ba6
30.Rd7 h5 31.Bxd5+ Kh7 32.Rd8 h4 33.Bg8+ Kh6 34.Rcd2 hxg3+ 35.hxg3 Qb5 36.Kg2 Qf1+
37.Kh2 Be2 38.Bd5 Bf3 39.Bxf3 Qxf3 40.R8d3 Kg5 41.Ra3 a5 42.Rad3 Kg4 43.e4 Qf1
44.exf5 Qh3+ 45.Kg1 Kxf5 46.Rf2+ Ke4 47.Rff3 Qh6 48.Rc3 Qd2 49.Rf2 Qd1+ 50.Kg2 Ke5
51.a3 Qd5+ 52.Kh2 Kd6 53.Rfc2 Qh5+ 54.Kg1 Qd5 55.Re2 Qd1+ 56.Kf2 Qd4+ 57.Ke1 Qg1+
58.Kd2 Qb1 59.Rb3 Qg1 60.Kc2 Qc5+ 61.Kb1 Qf5+ 62.Rc2 b5 63.Re3 Kd5 64.Re8 Kd4
65.Rc8 Qg6 66.Rc3 b4 67.axb4 axb4 68.Rf3 Qh7 69.Rf4+ Ke5 70.Rxb4 Qd3 71.g4 Qd1+
72.Rc1 Qd3+ 73.Ka2 Qa6+ 74.Kb3 Qd3+ 75.Rc3 Qd5+ 76.Ka3 Kf6 77.Rcc4 Kg5 78.b3 Qd6
79.Rd4 Qc5 80.Kb2 Qe5 81.Rc4 Kh4 82.b4 g5 83.Kb3 Qe8 84.Rc5 Qe3+ 85.Kc4 Qe2+
86.Kd5 Qf3+ 87.Re4 Qf7+ 88.Ke5 Qg7+ 89.Kd6 Qg6+ 90.Ke5 Qg7+ 91.Kd5 Qf7+ 92.Kd4 Qf2+
93.Ke5 Qg3+ 94.Ke6 Qb3+ 95.Rd5 Qc2 96.Red4 Qc6+ 97.Ke5 Qe8+ 98.Kd6 Qb8+ 99.Kc6 Qc8+
100.Kb5 Qb7+ 101.Ka4 Qa7+ 102.Kb3 Qa1 103.b5 Qb1+ 104.Ka4 Qc2+ 105.Ka5 Qc3+
106.Kb6 Qe3 107.Kb7 Qf3 108.b6 Qf7+ 109.Ka6 Qe6 110.Ka7 Qe7+ 111.b7 Qa3+
112.Kb8 Qg3+ 113.Rd6 Qe5 114.Rd5 Qc3 115.Ka7 Qe3+ 116.Rb6 Qe7 117.Rbb5 Qe3+
118.Ka8  1-0

[Event "TCh-CHN"]
[Site "Guangzhou CHN"]
[Date "2010.09.12"]
[Round "12"]
[White "Zhao Jun"]
[Black "Zeng Chongsheng"]
[Result "1-0"]
[WhiteElo "2575"]
[BlackElo "2350"]

1.d4 d5 2.c4 c6 3.Nf3 Nf6 4.Qc2 g6 5.Bf4 Bg7 6.e3 O-O 7.Nc3 c5 8.dxc5 Qa5
9.Nd2 dxc4 10.Bxc4 Qxc5 11.Nb5 Na6 12.Nc7 Bf5 13.Nxa6 Qa5 14.Bc7 bxa6 15.Bxa5 Bxc2
16.Rc1 Ba4 17.Bxa6 Rab8 18.b3 Bb5 19.Bxb5 Rxb5 20.Bc3 Rc8 21.Ke2 Rbc5 22.Nc4 Nd5
23.Bd2 f5 24.f3 Kf7 25.h3 Ke6 26.g4 R5c6 27.Rc2 Bf6 28.Rhc1 h5 29.e4 fxe4
30.fxe4 Nc7 31.g5 Bd4 32.Na5 Rxc2 33.Rxc2 Bb6 34.a4 Rf8 35.Nc6 Rf2+ 36.Ke1 Rh2
37.a5 Bf2+ 38.Kf1 Bg3 39.Nxa7 h4 40.Nc6 Rxh3 41.Nd4+ Kd7 42.Nf3 Rh1+ 43.Kg2 Rb1
44.Rc3 Ne6 45.Kh3 Ke8 46.b4 Rxb4 47.Rc8+ Kd7 48.Bxb4 Kxc8 49.Bxe7 Kd7 50.Bf6 Nc5
51.e5 Bf2 52.Nxh4 Be1 53.Nxg6 Bxa5 54.Nf4 Ne4 55.g6 Ke8 56.Nd5  1-0